00887nam a2200217 i 450000100060000000300090000600500170001500700030003200800410003502000180007604000220009408000230011610000310013924502030017026001050037330000210047865100730049970000330057270000310060585200330063653989ES-MaACL20230906162853.0t|031120s2001 sp ||||0| spa d a84-451-1911-7 aM-BN bspa cM-BN a016:946.027"04/14"1 aFernández López, Olga.10aRecopilación bibliográfica para el estudio de la historia medieval de la Comunidad de Madrid / cOlga Fernández López, Carlos Manuel Vera Yagüe, Ángel Carrasco Tezanos, Grupo Transierra. a[Madrid] : bComunidad de Madrid, Dirección General de Patrimonio Histórico-Artístico,c[2001] a308 p ; c28 cm. 4aMadrid (Comunidad Autónoma)-xHistoria-yS.V-XV-vBibliografías.1 aVera Yagüe, Carlos Manuel.1 aCarrasco Tezanos, Ángel. aES-MaACLjL-26745 bR.132279